Modern Production/Operations Management (Record no. 3533)

MARC details
000 -LEADER
fixed length control field 00351nam a2200145Ia 4500
008 - FIXED-LENGTH DATA ELEMENTS--GENERAL INFORMATION
fixed length control field 191201s2008 xx 000 0 und d
082 ## - DEWEY DECIMAL CLASSIFICATION NUMBER
Classification number 658.5
Item number BUM
100 ## - MAIN ENTRY--PERSONAL NAME
Personal name BUFF, Elwood
245 #0 - TITLE STATEMENT
Title Modern Production/Operations Management
250 ## - EDITION STATEMENT
Edition statement 8th
260 ## - PUBLICATION, DISTRIBUTION, ETC. (IMPRINT)
Place of publication, distribution, etc N.Delhi
Name of publisher, distributor, etc John Wiley
Date of publication, distribution, etc 2008
300 ## - PHYSICAL DESCRIPTION
Extent 834
650 ## - SUBJECT ADDED ENTRY--TOPICAL TERM
Topical term or geographic name as entry element B.Tech(ME)
942 ## - ADDED ENTRY ELEMENTS (KOHA)
Source of classification or shelving scheme Dewey Decimal Classification
Koha item type Text Books
Holdings
Withdrawn status Lost status Source of classification or shelving scheme Damaged status Not for loan Collection code Home library Current library Date acquired Source of acquisition Cost, normal purchase price Bill Number Total Checkouts Full call number Acc. no. / Barcode Date last seen Bill Date Koha item type Checked out Date last borrowed
    Dewey Decimal Classification     B.Tech(ME) PIET C-LIBRARY PIET C-LIBRARY 03/10/2008 J B C, New Delhi 399.00 S1-2189   658.5 BUM 9494 04/12/2019 01/08/2008 Text Books    
    Dewey Decimal Classification     B.Tech(ME) PIET C-LIBRARY PIET C-LIBRARY 03/10/2008 J B C, New Delhi 399.00 S1-2189   658.5 BUM 9495 04/12/2019 01/08/2008 Text Books    
    Dewey Decimal Classification     B.Tech(ME) PIET C-LIBRARY PIET C-LIBRARY 03/10/2008 J B C, New Delhi 399.00 S1-2189   658.5 BUM 9496 04/12/2019 01/08/2008 Text Books    
    Dewey Decimal Classification     B.Tech(ME) PIET C-LIBRARY PIET C-LIBRARY 03/10/2008 J B C, New Delhi 399.00 S1-2189   658.5 BUM 9497 04/12/2019 01/08/2008 Text Books    
    Dewey Decimal Classification     B.Tech(ME) PIET C-LIBRARY PIET C-LIBRARY 03/10/2008 J B C, New Delhi 399.00 S1-2189   658.5 BUM 9498 04/12/2019 01/08/2008 Text Books    
    Dewey Decimal Classification     B.Tech(ME) PIET C-LIBRARY PIET C-LIBRARY 03/10/2008 J B C, New Delhi 399.00 S1-2189 1 658.5 BUM 9499 29/01/2025 01/08/2008 Text Books 18/08/2025 29/01/2025
    Dewey Decimal Classification     B.Tech(ME) PIET C-LIBRARY PIET C-LIBRARY 03/10/2008 J B C, New Delhi 399.00 S1-2189   658.5 BUM 9500 04/12/2019 01/08/2008 Text Books    
    Dewey Decimal Classification     B.Tech(ME) PIET C-LIBRARY PIET C-LIBRARY 03/10/2008 J B C, New Delhi 399.00 S1-2189   658.5 BUM 9501 04/12/2019 01/08/2008 Text Books    

Design & Developed by: PIET Central Library
R70 Miles Stone Pattikalyana Samalkha Panipat 132102
mail ID :- [email protected], Phone No:- 0180-2569700 Ex.216